| 000 | 00652nam a2200229 u 4500 | ||
|---|---|---|---|
| 005 | 20240806064037.0 | ||
| 008 | 120622s2010 r 000 0 eng d | ||
| 020 | _a9786074004038 | ||
| 035 | _aUPN01000185300 | ||
| 049 | _aCG | ||
| 050 | 4 |
_aPS3572 A5.3 _bE8.7 |
|
| 100 | 1 |
_aVande Velde, Vivian, _d1951- |
|
| 245 | 1 | 0 |
_aEstar muerto / _cVivian Vande Velde ; tr. Josefina Anaya, |
| 260 |
_aMéxico : _bOcéano, _c2010. |
||
| 300 | _a143 p. | ||
| 440 | 3 | _aEl lado oscuro | |
| 534 |
_pTítulo original: _tBeing dead |
||
| 650 | 4 |
_aLiteratura estadounidense _95229 |
|
| 650 | 0 |
_aMuerte en la literatura _95164 |
|
| 905 | _aLibro | ||
| 999 |
_c157403 _d157403 |
||